|
|
|
|
| LEADER |
00000nam0a2200000 4500 |
| 001 |
347878 |
| 005 |
20231102010039.0 |
| 010 |
|
|
|a 9785392359721
|
| 035 |
|
|
|a (RuTPU)RU\TPU\book\379833
|
| 090 |
|
|
|a 347878
|
| 100 |
|
|
|a 20220725d2022 k y0rusy50 ca
|
| 101 |
0 |
|
|a rus
|
| 102 |
|
|
|a RU
|
| 105 |
|
|
|a a z 001zy
|
| 200 |
1 |
|
|a Транспортное планирование. Практические рекомендации по созданию транспортных моделей городов в программном комплексе PTV Vision@ VISUM
|e монография
|f М. Р. Якимов, Ю. А. Попов
|
| 205 |
|
|
|a 2-е изд., перераб. и доп.
|
| 210 |
|
|
|a Москва
|c Проспект
|d 2022
|
| 215 |
|
|
|a 176 с.
|c ил.
|
| 320 |
|
|
|a Библиогр.: с. 174-176
|
| 330 |
|
|
|a В монографии рассмотрены практические аспекты процесса создания прогнозных транспортных моделей городов с использованием программного комплекса PTV Vision® VISUM. Подробно представлены как особенности рассматриваемого программного комплекса, так и общие практические приемы и подходы к созданию, калибровке и последующей работе с транспортными моделями. Даны подробные практические рекомендации по методам и технологиям калибровки транспортной модели. Особое внимание уделено особенностям работы с транспортной моделью: рассмотрены виды прогнозных сценариев, основные подходы к их формированию, приведены примеры реально выполненных работ по моделированию различных прогнозных сценариев. Даны практические рекомендации по анализу и представлению результатов моделирования и обмену данными с другими программными продуктами. Книга предназначена для специалистов в области транспортного планирования и моделирования, студентов, аспирантов и преподавателей транспортных вузов и специальностей. Данные в книге рекомендации были выработаны в результате пятнадцати летнего опыта авторов по созданию транспортных моделей ряда российских городов и регионов.
|
| 606 |
1 |
|
|a Городской транспорт
|x Организация движения
|2 stltpush
|3 (RuTPU)RU\TPU\subj\8310
|9 35756
|
| 610 |
1 |
|
|a транспортные модели
|
| 610 |
1 |
|
|a прогнозные сценарии
|
| 610 |
1 |
|
|a программные продукты
|
| 610 |
1 |
|
|a общественный транспорт
|
| 610 |
1 |
|
|a транспортные системы
|
| 610 |
1 |
|
|a пассажиропоток
|
| 610 |
1 |
|
|a маршруты
|
| 610 |
1 |
|
|a городские агломерации
|
| 675 |
|
|
|a 656.1
|v 4
|
| 700 |
|
1 |
|a Якимов
|b М. Р.
|g Михаил Ростиславович
|
| 701 |
|
1 |
|a Попов
|b Ю. А.
|g Юрий Александрович
|
| 801 |
|
1 |
|a RU
|b 63413507
|c 20220725
|
| 801 |
|
2 |
|a RU
|b 63413507
|c 20221003
|g RCR
|
| 942 |
|
|
|c BK
|